00686nam a2200217Ia 4500003000400000005001700004008004100021020001800062040000700080041000800087082001500095100002500110245004300135260003800178300001700216365001300233906004900246942001200295999001900307952014200326OSt20220614141038.0210423s2010 xx 000 0 und d a9788178902135 cAL aeng a546.2 WHIG aWHITMORE (G).942275 aAdvanced inorganic reaction mechanism. aDelhibIVY Publishing Housec2010 aviii,132bHB b450cINR aAdvanced ; inorganic ; mechanism. ; reaction 2ddccBK c154715d154715 001040708ACaSACPGbSACPGd2011-10-20ePrajwal book distributorsg450.00l0o546.2 WHIGpPG001184r2022-08-24 00:00:00w2021-04-26yBK